000 00949nam a2200277Ia 4500
001 Para_2676
003 CHAP
008 220125s9999 xx 000 0 und d
010 _a201210
040 _cCHAP
082 _aPA-C 595.752 A54
100 _aTakahashi, Ryoichi
_9111377
245 _aSome Formosa whiteflies /
_c by Ryoichi Takahashi
260 _a:
_b
300 _a7 p.
440 _aAleyrodidae; 15
_9166078
500 _aSobretiro de: Journal Soc. Tropical Agriculture, Taihoku Imperial University, Formosa, Japan 3 (3): 218-224, 1931. Encuadernado con: Notes on the english and american races of the greenhouse white-fly (Trialeurodes vaporarium)by Franz S. 70-143
650 _aAleurodidae
_x Colecciones de escritos
_9166086
901 _aPA-C 595.752 A54
902 _aA
905 _a000000 0000000000 00
910 _a
942 _cPARA
942 _cPARA
_d1
999 _c201210
_d201210